| 000 | 01046cam a2200265 i 4500 | ||
|---|---|---|---|
| 999 |
_c4532 _d4532 |
||
| 003 | OSt | ||
| 005 | 20220324082419.0 | ||
| 008 | 780302s1978 enka b 101 0 eng | ||
| 020 | _a0471996556 | ||
| 040 | _cALUPE UNIVERSITY LIBRARY | ||
| 043 | _ad------ | ||
| 050 | 0 | 0 |
_aRA567 _b.S26 |
| 245 | 0 | 0 |
_aSanitation in developing countries / _cedited by Arnold Pacey for Oxfam and the Ross Institute of Tropical Hygiene. |
| 260 |
_aChichester [Eng. ] ; _aNew York : _bWiley, _cc1978. |
||
| 300 |
_axiv, 238 p. : _bill. : _c24 cm. |
||
| 500 | _aPapers presented at a conference held at Pembroke College, Oxford, July 5-9, 1977. | ||
| 504 | _aIncludes bibliographical references and indexes. | ||
| 650 | 0 |
_aSanitation _zDeveloping countries _xCongresses. |
|
| 650 | 0 |
_aSewage disposal _zDeveloping countries _xCongresses. |
|
| 700 | 1 | _aPacey, Arnold. | |
| 710 | 2 | _aOxfam. | |
| 710 | 2 |
_aLondon School of Hygiene and Tropical Medicine. _bRoss Institute of Tropical Hygiene. |
|
| 906 |
_a7 _bcbc _corignew _d1 _eocip _f19 _gy-gencatlg |
||
| 942 |
_2lcc _cBK _nPW |
||